000 01448nam a22004097a 4500
003 CHAP
005 20220329141249.0
008 971010s1976 r 00010 d
010 _a65394
011 _a66366
035 _a74477
040 _cCHAP
090 _aTesis
100 0 0 _aGutiérrez Velazco, Hilda Soledad.
_951855
245 _aProyecto para la instalación de una envasadora de durazno en Rosa Blanca, Municipio de Jala, Nay.
260 _aChapingo, Méx. :
_bEl autor,
_c1976
300 _a118 h. gráfs. mapa
500 _a1993-87
502 _aTesis (Ing. Agr. Esp. en Industrias Agrícolas) -- ENA. Departamento de Industrias Agrícolas
590 _aALEPH
_b10
_c20130110
_lUCH01
_h1356
590 _aBATCH-UPD
_b10
_c20130110
_lUCH01
_h0308
590 _aBATCH-UPD
_b10
_c20130110
_lUCH01
_h1258
590 _aBATCH-UPD
_b10
_c20130409
_lUCH01
_h2340
590 _aBATCH-UPD
_b10
_c20130914
_lUCH01
_h1223
590 _aCONVERSION
_b10
_c20130109
_lUCH01
_h1336
650 1 4 _aDurazno
_xAspectos económicos.
_934576
650 1 4 _aDurazno
_xEmpaque.
_934593
650 1 4 _aDurazno
_xNayarit.
_934618
650 1 4 _aProyectos industriales.
_992531
901 _aBK
942 _cFOLL
949 _bBC
_cTES
_d-54598
_eTS1
_i74477
_si
949 _bBC
_cTES
_d-54599
_eTS2
_fc.2
_i74477
_si
949 _bBC
_cTES
_d-54600
_eTS2
_fc.3
_i74477
_si
949 _bIA
_cTESBD
_d-54597
_eTS2
_fc.2
_i74477
_si
949 _bIA
_cTESBD
_d-7347
_eTS1
_i74477
_si
999 _c65394
_d65394